<?xml version="1.0" encoding="UTF-8"?>
<record
    xmlns:xsi="http://www.w3.org/2001/XMLSchema-instance"
    xsi:schemaLocation="http://www.loc.gov/MARC21/slim http://www.loc.gov/standards/marcxml/schema/MARC21slim.xsd"
    xmlns="http://www.loc.gov/MARC21/slim">

  <leader>01618nam a22002057a 4500</leader>
  <controlfield tag="003">OSt</controlfield>
  <controlfield tag="005">20241220120535.0</controlfield>
  <controlfield tag="008">230925s2008    ag ||||| |||| 00| 0 spa d</controlfield>
  <datafield tag="020" ind1=" " ind2=" ">
    <subfield code="a">9789871220199</subfield>
  </datafield>
  <datafield tag="040" ind1=" " ind2=" ">
    <subfield code="c">besoc</subfield>
  </datafield>
  <datafield tag="100" ind1="1" ind2=" ">
    <subfield code="a">Paenza, Adri&#xE1;n</subfield>
    <subfield code="d">1949-</subfield>
    <subfield code="e">autor</subfield>
  </datafield>
  <datafield tag="245" ind1="1" ind2=" ">
    <subfield code="a">Matem&#xE1;tica... &#xBF;Est&#xE1;s ah&#xED;? /</subfield>
    <subfield code="c">Adri&#xE1;n Paenza</subfield>
  </datafield>
  <datafield tag="250" ind1=" " ind2=" ">
    <subfield code="a">1a ed.</subfield>
  </datafield>
  <datafield tag="260" ind1=" " ind2=" ">
    <subfield code="a">Buenos Aires :</subfield>
    <subfield code="b">Siglo XXI,</subfield>
    <subfield code="c">2008</subfield>
  </datafield>
  <datafield tag="300" ind1=" " ind2=" ">
    <subfield code="a">235 P.</subfield>
  </datafield>
  <datafield tag="505" ind1=" " ind2=" ">
    <subfield code="a">La mano de la princesa -- N&#xFA;meros -- Probabilidades y estimaciones -- Problemas -- Reflexiones y curiosidades --
Soluciones -- Ap&#xE9;ndice.-</subfield>
  </datafield>
  <datafield tag="520" ind1=" " ind2=" ">
    <subfield code="a">Matem&#xE1;ticas &#xBF;Estas ah&#xED;? Talvez este oculta en un problema, pero lo que es seguro es que si, la matem&#xE1;tica esta a la vuelta de la esquina, en nuestra vida cotidiana y esperando a que la descubramos. He aqu&#xED; una inmejorable gu&#xED;a para lanzarnos a explorar.
En el viaje por este universo nos encontramos con n&#xFA;meros incre&#xED;bles o diferentes tipos de infinito, viajaremos entre las familias de primos, nos asomaremos al abismo de la divisi&#xF3;n por cero y aprenderemos secretos del mundo de las apuestas y de las probabilidades.
La matem&#xE1;tica tambi&#xE9;n nos ayuda a resolver enigmas y estimar cantidades incre&#xED;bles: de numero de pelos a litros de sangre, probabilidades de que dos personas cualesquiera cumplan a&#xF1;os el mismo d&#xED;a, n&#xFA;meros de antepasados comunes...
En este libro el matem&#xE1;tico y periodista Adri&#xE1;n Paenza nos brinda una serie de historia con n&#xFA;meros, personajes, problemas y reflexiones, y una visi&#xF3;n muy personal sobre la vida, el universo y todo lo dem&#xE1;s. </subfield>
  </datafield>
  <datafield tag="650" ind1=" " ind2="4">
    <subfield code="a">Matem&#xE1;ticas</subfield>
  </datafield>
  <datafield tag="942" ind1=" " ind2=" ">
    <subfield code="2">udc</subfield>
    <subfield code="c">LPD</subfield>
    <subfield code="n">0</subfield>
  </datafield>
  <datafield tag="999" ind1=" " ind2=" ">
    <subfield code="c">84</subfield>
    <subfield code="d">84</subfield>
  </datafield>
  <datafield tag="952" ind1=" " ind2=" ">
    <subfield code="0">0</subfield>
    <subfield code="1">0</subfield>
    <subfield code="2">udc</subfield>
    <subfield code="4">0</subfield>
    <subfield code="7">0</subfield>
    <subfield code="8">CG</subfield>
    <subfield code="a">ESOCIALES</subfield>
    <subfield code="b">ESOCIALES</subfield>
    <subfield code="d">2023-09-26</subfield>
    <subfield code="l">0</subfield>
    <subfield code="o">510 P126</subfield>
    <subfield code="p">000282</subfield>
    <subfield code="r">2023-09-26 00:00:00</subfield>
    <subfield code="w">2023-09-26</subfield>
    <subfield code="y">LPD</subfield>
  </datafield>
</record>
